Online
Catalog

Don Manuel Rengifo : (Record no. 6735)

MARC details
000 -CABECERA
campo de control de longitud fija 00908cam a2200253 a 4500
001 - NÚMERO DE CONTROL
campo de control 000006951
005 - FECHA Y HORA DE LA ÚLTIMA TRANSACCIÓN
campo de control 20200929154029.0
008 - DATOS DE LONGITUD FIJA--INFORMACIÓN GENERAL
campo de control de longitud fija 890715s1983 cl b 000 0bspa
040 ## - FUENTE DE LA CATALOGACIÓN
Centro catalogador/agencia de origen DO-SdBNP
Centro/agencia transcriptor DLC
Centro/agencia modificador BNPHU
082 ## - NÚMERO DE LA CLASIFICACIÓN DECIMAL DEWEY
Número de clasificación 923.2
Número de documento/Ítem R412d
100 1# - ENTRADA PRINCIPAL--NOMBRE DE PERSONA
Nombre de persona Rengifo V., Osvaldo.
Fechas asociadas al nombre 1905-
9 (RLIN) 19301
245 10 - MENCIÓN DE TÍTULO
Título Don Manuel Rengifo :
Resto del título su vida y su obra /
Mención de responsabilidad, etc. Osvaldo Rengifo V.
260 ## - PUBLICACIÓN, DISTRIBUCIÓN, ETC.
Lugar de publicación, distribución, etc. Santiago de Chile :
Nombre del editor, distribuidor, etc. Andrés Bello,
Fecha de publicación, distribución, etc. 1983.
300 ## - DESCRIPCIÓN FÍSICA
Extensión 170 p. ;
Dimensiones 23 cm.
500 ## - NOTA GENERAL
Nota general Edición limitada de 500 copias.
504 ## - NOTA DE BIBLIOGRAFÍA, ETC.
Nota de bibliografía, etc. Bibliografías: p. 169-170.
600 10 - PUNTO DE ACCESO ADICIONAL DE MATERIA--NOMBRE DE PERSONA
Nombre de persona RENGIFO, MANUEL,
Fechas asociadas al nombre 1793-1846
Subdivisión de forma BIOGRAFÍA
9 (RLIN) 19302
610 10 - PUNTO DE ACCESO ADICIONAL DE MATERIA--NOMBRE DE ENTIDAD CORPORATIVA
Nombre de entidad corporativa o nombre de jurisdicción como elemento de entrada CHILE
Unidad subordinada MINISTERIO DE HACIENDA
Subdivisión general BIOGRAFÍA
9 (RLIN) 19303
650 #4 - PUNTO DE ACCESO ADICIONAL DE MATERIA--TÉRMINO DE MATERIA
Término de materia o nombre geográfico como elemento de entrada Ministros de gobierno
9 (RLIN) 19304
650 #4 - PUNTO DE ACCESO ADICIONAL DE MATERIA--TÉRMINO DE MATERIA
Término de materia o nombre geográfico como elemento de entrada Legisladores
9 (RLIN) 19305
651 #4 - PUNTO DE ACCESO ADICIONAL DE MATERIA--NOMBRE GEOGRÁFICO
Nombre geográfico Chile
Subdivisión general Condiciones Económicas
9 (RLIN) 19306
651 #4 - PUNTO DE ACCESO ADICIONAL DE MATERIA--NOMBRE GEOGRÁFICO
Nombre geográfico Chile
Subdivisión general Política Y Gobierno
Subdivisión cronológica 1824-1920.
9 (RLIN) 19307
910 ## - DATOS DE OPCIÓN DEL USUARIO (OCLC)
Datos de opción del usuario Catalogación por copia / LC
Holdings
Estado de retiro Estado de pérdida Restricciones de uso No para préstamo Código de colección Localización permanente Ubicación/localización actual Ubicación en estantería Fecha de adquisición Número de inventario Total de préstamos Signatura topográfica completa Código de barras Fecha visto por última vez Precio válido a partir de Tipo de ítem Koha
    Préstamo interno   Monografías: Libros y Folletos General General En catalogación 03.09.2009 LF1   923.2 R412d 6951-10 25.06.2020 25.06.2020 Préstamo interno

Powered by Koha